| 000 | 00637nam a22001697a 4500 | ||
|---|---|---|---|
| 008 | 111209t xxu||||| |||| 00| 0 eng d | ||
| 020 | _a0070662193 | ||
| 050 | _aHB135.C47 | ||
| 100 | _aChiang, Alpha C. | ||
| 245 |
_aFundamental methods of mathematical economics / _cAlpha C. Chiang |
||
| 260 |
_aAuckland: _bMcGraw-Hill, _cc1984. |
||
| 300 |
_axii,788 p.: _bill. _c21cm. |
||
| 500 | _aIncludes index. | ||
| 505 | _aContents: Introduction -- Static (or equilibrium) analysis -- Comparative-static analysis -- Optimization problems -- Dynamic analysis -- Mathematical programming. | ||
| 650 | _aEconomics, mathematical | ||
| 942 |
_2lcc _cBK |
||
| 999 |
_c334 _d7834 |
||